Normal view
MARC view
- Stephanie Brown ; Irvin D Yalom
Entry Personal Name
001 - CONTROL NUMBER
- control field: 9343
003 - CONTROL NUMBER IDENTIFIER
- control field: NUST
005 - DATE AND TIME OF LATEST TRANSACTION
- control field: 20180121120315.0
008 - FIXED-LENGTH DATA ELEMENTS
- fixed length control field: 180121|| aca||aabn | a|a d
040 ## - CATALOGING SOURCE
- Original cataloging agency: NUST
- Transcribing agency: NUST
100 ## - HEADING--PERSONAL NAME
- Personal name: Stephanie Brown ; Irvin D Yalom
670 ## - SOURCE DATA FOUND
- Source citation: Work cat.: (NUST)320932: Stephanie Brown ; Irvin D Yalom, Treating alcoholism, 1997
